000 01230nam a22003255a 4500
003 OSt
005 20170423120156.0
008 170423s2016 ua gr 000 0 ara d
015 _a2015 / 25860
020 _a9789775296153
040 _aEG-ScBUE
_bara
_cEG-ScBUE
041 1 _aara
_heng
043 _af-ua---
_aa-is---
082 0 4 _a327.620569
_bإ ي ل
_222
082 0 4 _a355.5
_bإ ي ل
_222
100 1 _aإيلام، إيهود.
240 1 4 _athe next war between Israel and Egypt.
_lArabic
245 1 2 _aالحرب القادمة بين مصر وإسرائيل /
_cتأليف إيهود إيلام ؛ ترجمة فاطمة نصر.
250 _aط. 1.
260 _aالقاهرة :
_bمكتب سطور الجديدة،
_c2016.
300 _a444 ص. ؛
_c24 سم.
490 0 _aإصدارات سطور الجديدة ؛
_v144
541 _aإهداء من أ. محمد فريد خميس.
546 _aالنص باللغة العربية مترجم من اللغة الإنجليزية.
650 7 _aمصر
_xعلاقات خارجية
_zإسرائيل.
_2BUEsh
650 7 _aإسرائيل
_xعلاقات خارجية
_zمصر.
_2BUEsh
651 _2BUEsh
653 _bBUSBOL
_bGGEN
_cApril2017
942 _2ddc
999 _c24692
_d24664